<?xml version="1.0" encoding="UTF-8"?>
<record
    xmlns:xsi="http://www.w3.org/2001/XMLSchema-instance"
    xsi:schemaLocation="http://www.loc.gov/MARC21/slim http://www.loc.gov/standards/marcxml/schema/MARC21slim.xsd"
    xmlns="http://www.loc.gov/MARC21/slim">

  <leader>02334nam a22002657a 4500</leader>
  <controlfield tag="001">BRCA_9299</controlfield>
  <controlfield tag="003">FranzMayer</controlfield>
  <controlfield tag="005">20230726134606.0</controlfield>
  <controlfield tag="008">230726b        |||||||| |||| 00| 0 eng d</controlfield>
  <datafield tag="040" ind1=" " ind2=" ">
    <subfield code="a">MFM</subfield>
    <subfield code="b">esp</subfield>
    <subfield code="c">MFM</subfield>
  </datafield>
  <datafield tag="050" ind1=" " ind2="4">
    <subfield code="a">LM49</subfield>
    <subfield code="b">P37 1751</subfield>
  </datafield>
  <datafield tag="082" ind1=" " ind2=" ">
    <subfield code="2">CR3499</subfield>
  </datafield>
  <datafield tag="100" ind1="1" ind2=" ">
    <subfield code="4">Autor</subfield>
    <subfield code="a">Parexa de Quesada, Gabrielis</subfield>
    <subfield code="9">28982</subfield>
  </datafield>
  <datafield tag="240" ind1="1" ind2=" ">
    <subfield code="a">L. D. Gabrielis de Parexa et Quesada in supremo sanctissimae inquisitions. Senatu Pauperum Advocati &amp; in aliis hujus Regiae Curiae caufarum Patroni, De universa Instrumentorum Editione. </subfield>
    <subfield code="h">Tomus Secundus. In quo quinque pofteriores T&#xED;tuli enucleantur, totaque Editionis materia ad praxim &amp; ftylum hodiernum accommodata, indifeffoque labore in fimul junsta confpicitur. Opus fane Indicibus, tam Ecclefiafticis, quam Saecularibus, Congefforibus. Advocatis &amp; aliis in utroque foro verfantibus utiliffimum</subfield>
    <subfield code="l">Lat&#xED;n</subfield>
  </datafield>
  <datafield tag="245" ind1="0" ind2=" ">
    <subfield code="a">L.D. Gabrielis de Parexa et Quesada in supremo sanctissimae inquisitions. Senatu Pauperum Advocati &amp; in aliis hujus Regiae Curiae caufarum Patroni,De universa Instrumentorum Editione.</subfield>
    <subfield code="b">Tomus Secundus. In quo quinque pofteriores T&#xED;tuli encleantur, totaque Editionis materia ad praxim &amp; ftylum hodiernum accommodata, indifeffoque labore in fimul junsta confpicitur. Opus fane indicibus, tam Ecclefiafticis, quam Secularibus, Confefforibus. Adbvocatis &amp; aliis in utroque foro verfantibus utiliffinum.</subfield>
  </datafield>
  <datafield tag="250" ind1=" " ind2=" ">
    <subfield code="a">Edici&#xF3;n novena</subfield>
  </datafield>
  <datafield tag="260" ind1=" " ind2=" ">
    <subfield code="a">Lugduni</subfield>
    <subfield code="b">Sumptibus Petri Bruyset &amp; Sociorum</subfield>
    <subfield code="c">1751</subfield>
  </datafield>
  <datafield tag="300" ind1=" " ind2=" ">
    <subfield code="a">246 p</subfield>
    <subfield code="c">37 cm</subfield>
  </datafield>
  <datafield tag="440" ind1=" " ind2=" ">
    <subfield code="a">L.D. Gabrielis de Parexa et Quesada in supremo sanctissimae inquisitionis. Senatu Pauperum Advocati &amp; in aliis huju Regiae Curiae caufarum Patroni. De Universa Insstrumentorum Editione</subfield>
    <subfield code="n">Tomus Secundus</subfield>
    <subfield code="p">In quo quinque pofteriores Titulli enucleantur, totaque Editions materia ad praxim &amp; flylum hodiernum accommodata, indefeffoque labore in fimul juncta confpicitur. Opus fane Judicibus, tam Ecclefiafticis, quam Saecularibus, Confefforibus Advocatis &amp; aliis i utroque foro verfantibus utiliffmum.</subfield>
    <subfield code="v">Vol II.</subfield>
    <subfield code="9">28983</subfield>
  </datafield>
  <datafield tag="500" ind1=" " ind2=" ">
    <subfield code="a">Con privilegio de la Corona</subfield>
  </datafield>
  <datafield tag="505" ind1="0" ind2=" ">
    <subfield code="a">Texto en: lat&#xED;nDirigido a: historiadores, soci&#xF3;logos y antrop&#xF3;logos.Incluye &#xED;ndice tem&#xE1;tico.</subfield>
  </datafield>
  <datafield tag="650" ind1="1" ind2=" ">
    <subfield code="2">Realeza</subfield>
    <subfield code="a">Herencia</subfield>
    <subfield code="v">Provincias</subfield>
    <subfield code="9">28984</subfield>
  </datafield>
  <datafield tag="651" ind1="2" ind2=" ">
    <subfield code="2">T&#xED;tulos de honor</subfield>
    <subfield code="a">T&#xED;tulos de realeza</subfield>
    <subfield code="v">Haciendas </subfield>
    <subfield code="9">28985</subfield>
  </datafield>
  <datafield tag="942" ind1=" " ind2=" ">
    <subfield code="2">lcc</subfield>
    <subfield code="c">B</subfield>
  </datafield>
  <datafield tag="999" ind1=" " ind2=" ">
    <subfield code="c">10921</subfield>
    <subfield code="d">10921</subfield>
  </datafield>
  <datafield tag="952" ind1=" " ind2=" ">
    <subfield code="0">0</subfield>
    <subfield code="1">0</subfield>
    <subfield code="2">lcc</subfield>
    <subfield code="4">0</subfield>
    <subfield code="7">0</subfield>
    <subfield code="8">CFM</subfield>
    <subfield code="a">BRCA</subfield>
    <subfield code="b">BRCA</subfield>
    <subfield code="d">2023-07-26</subfield>
    <subfield code="e">Donaci&#xF3;n</subfield>
    <subfield code="l">0</subfield>
    <subfield code="o">LM49 P37 1751</subfield>
    <subfield code="p">CFM00535</subfield>
    <subfield code="r">2023-07-26 00:00:00</subfield>
    <subfield code="w">2023-07-26</subfield>
    <subfield code="y">B</subfield>
  </datafield>
</record>
